[Event "Felix Cup 22nd"]
[Site "Felix Spa"]
[Date "2007.05.25"]
[Round "1"]
[White "Pinter, Stefan Carol"]
[Black "Bonte, Andrei Mihai"]
[Result "0-1"]
[WhiteElo "1591"]
[BlackElo "2305"]
[PlyCount "52"]
[EventDate "2007.05.25"]
[EventType "swiss"]
[EventRounds "9"]
[EventCountry "ROU"]
[SourceTitle "CBM 118 Extra"]
[Source "ChessBase"]
[SourceDate "2007.07.04"]
[SourceVersion "1"]
[SourceVersionDate "2007.07.04"]
[SourceQuality "1"]

1. e4 c5 2. Bc4 e6 3. Nc3 a6 4. a3 b5 5. Ba2 Bb7 6. d3 Nc6 7. Nf3 Nge7 8. 0-0 Ng6 9. Be3 Qc7 10. g3 Be7 11. Ne2 0-0 12. c3 f5 13. Nd2 Nce5 14. exf5 Rxf5 15. d4 Ng4 16. Bf4 Nxf4 17. Nxf4 Rxf4 18. f3 Ne3 19. Qe2 Nxf1 20. Kxf1 Rxf3+ 21. Nxf3 Bxf3 22. Bxe6+ dxe6 23. Qxe6+ Kh8 24. Re1 Bf8 25. d5 Rd8 26. Re5 Bg4 0-1